000 02149nam a2200409 a 4500
001 ebr10728351
003 CaPaEBR
006 m o u
007 cr cn|||||||||
008 130514s2013 enka sb 001 0 eng d
010 _z 2013012066
020 _z9780470664810 (hardback)
020 _z9781118658246 (e-book)
040 _aCaPaEBR
_cCaPaEBR
035 _a(OCoLC)843455184
041 1 _aeng
_hger
050 1 4 _aQA273.5
_b.S7813 2013eb
082 0 4 _a519.2
_223
100 1 _aStoyan, Dietrich.
240 1 0 _aStochastische Geometrie.
_lEnglish
245 1 0 _aStochastic geometry and its applications
_h[electronic resource] /
_cSung Nok Chiu ... [et al.].
250 _a3rd ed.
260 _aChichester :
_bWiley,
_c2013.
300 _axxvi, 544 p. :
_bill.
440 0 _aWiley series in probability and statistics
500 _aRevision of: Stochastic geometry and its applications / Dietrich Stoyan, Wilfrid S. Kendall, Joseph Mecke. 2nd ed. 1995.
504 _aIncludes bibliographical references and indexes.
520 _a"The previous edition of this book has served as the key reference in its field for over 20 years and is regarded as the best treatment of the subject of stochastic geometry. Extensively updated, this mew edition includes new sections on analytical and numerically tractable results and applications of Voronoi tessellations; introduces models such as Laguerre and iterated tessellations; and presents theoretical results. Statistics for planar point processes are introduced, and the text also includes a new section on random geometrical graphs and random networks"--
_cProvided by publisher.
533 _aElectronic reproduction.
_bPalo Alto, Calif. :
_cebrary,
_d2013.
_nAvailable via World Wide Web.
_nAccess may be limited to ebrary affiliated libraries.
650 0 _aStochastic geometry.
655 7 _aElectronic books.
_2local
700 1 _aChiu, Sung Nok.
700 1 _aKendall, W. S.
700 1 _aMecke, Joseph.
710 2 _aebrary, Inc.
856 4 0 _uhttp://site.ebrary.com/lib/rucke/Doc?id=10728351
_zAn electronic book accessible through the World Wide Web; click to view
999 _c37175
_d37175